Farkas Katalin-Varga Sándorné (szerk.) A siker láncszemei : zárszó : Oktatáskutató és Fejlesztő Intézet, 2009 /

Elmentve itt :
Bibliográfiai részletek
Szerzők: Varga Sándorné
Farkas Katalin
Dokumentumtípus: Cikk
Megjelent: 2009
Sorozat:Módszertani közlemények 49 No. 5
Kulcsszavak:Neveléstudomány
Online Access:http://acta.bibl.u-szeged.hu/28985
LEADER 00733nab a2200193 i 4500
001 acta28985
005 20210219151333.0
008 161017s2009 hu o 0|| hun d
022 |a 1219-0608 
040 |a SZTE Egyetemi Kiadványok Repozitórium  |b hun 
041 |a hun 
100 1 |a Varga Sándorné 
245 1 0 |a Farkas Katalin-Varga Sándorné (szerk.)   |h [elektronikus dokumentum] :  |b A siker láncszemei : zárszó : Oktatáskutató és Fejlesztő Intézet, 2009 /  |c  Varga Sándorné 
260 |c 2009 
300 |a 232-235 
490 0 |a Módszertani közlemények  |v 49 No. 5 
695 |a Neveléstudomány 
700 0 1 |a Farkas Katalin  |e aut 
856 4 0 |u http://acta.bibl.u-szeged.hu/28985/1/modszertani_049_005_232-235.pdf  |z Dokumentum-elérés